000 00473nam a2200181 i 4500
001 95042
003 ES-MaACL
005 20230906181624.0
007 t|
008 050520s1967 sp ||||1| spa d
100 1 _aLueiro Rey, Manuel.
_974627
245 1 0 _aManso /
_cManuel Lueiro Rey.
250 _a[1ª ed.].
260 _aOviedo :
_bGrandío,
_c1967.
300 _a238 p. ;
_c20 cm.
852 _aES-MaACL
_jC-32885
_bR.63236
852 _aES-MaACL
_jC-33212
_bR.63406
999 _c95042
_d95042